[Event "CZE Extraliga 2019-20"]
[Site "Czech Republic"]
[Date "2020.01.25"]
[Round "5.3"]
[White "SLA4 Stocek Jiri GM"]
[Black "PAR6 Votava Jan GM"]
[Result "*"]
[WhiteElo "2569"]
[BlackElo "2521"]
[Annotator "TA"]
[PlyCount "81"]
[EventDate "2019.09.15"]
[EventType "team-tourn"]
[EventCountry "CZE"]
[SourceTitle "playchess.com"]
[Source "ChessBase"]
[SourceQuality "1"]

{[%evp 17,81,0,13,-10,0,9,34,32,29,17,64,58,111,56,56,50,87,85,79,81,67,66,78,68,77,43,70,85,73,67,62,38,48,27,67,43,75,61,63,20,25,43,58,0,0,0,0,0,0,0,0,0,0,0,0,-12,23,0,0,0,17,12,20,14,10,19]} 1. d4 Nf6 2. c4 g6 3. Nc3 d5 4. Nf3 Bg7 5. Qb3 dxc4 6. Qxc4 O-O 7. e4 a6 8. e5 b5 9. Qb3 Nfd7 10. Ng5 {D97: Grünfeld: Russian System: 7 e4, replies other than 7...Bg4} (10. e6 fxe6 11. Be3 Nf6 12. g3 Nc6 13. Bg2 Rb8 14. Rd1 Nd5 15. O-O Na5 16. Qc2 Nc4 17. Bc1 Nxc3 18. Qxc3 Bb7 19. b3 Nd6 {0-1 (67) Salgado Lopez,I (2624)-McShane,L (2667) Germany 2019}) 10... Nb6 {Hoping for ...Nc6.} 11. Be3 h6 12. Nge4 {White is slightly better.} Be6 13. Qc2 Nc6 14. Rd1 Bc4 $146 ({Black should play} 14... Bf5 $14) ({Predecessor:} 14... Bf5 15. Be2 Nb4 16. Qd2 Nc4 17. Bxc4 bxc4 {0-1 (35) Zhao,X (2490)-Cmilyte,V (2485) Dagomys 2010}) 15. Be2 (15. Bxc4 $16 Nxc4 16. b3) 15... Nb4 $14 16. Qd2 Kh7 17. b3 Bxe2 18. Nxe2 N4d5 19. O-O e6 20. Rc1 Qe7 21. N2c3 (21. Qd3 {is interesting.} Nb4 22. Qb1 N4d5 23. Bd2 b4 24. Qd3) 21... Rfd8 22. Nxd5 Nxd5 23. Qe2 b4 24. Rc2 a5 25. Nc5 Ra7 26. g3 f5 27. exf6 Qxf6 28. Bd2 Qf5 29. Rc4 ({Reject} 29. Nxe6 Rd6 $11) 29... Re8 30. Nd7 (30. Nd3 $14) 30... a4 $11 31. Bxb4 axb3 32. axb3 Rb7 {[%cal Ba7b7,Bb7b3,Bb3a3,Ba3a8,Ba8d8][%mdl 32]} 33. Ba5 Rxb3 34. Nc5 Ra3 35. Bb4 Raa8 36. Nd3 Rad8 37. Bc5 Rb8 {The position is equal.} 38. Nb4 Nf6 39. Nc6 Rb1 40. Rcc1 Rxc1 41. Rxc1 {Accuracy: White = 37%, Black = 50%.} *

[Event "CZE Extraliga 2019-20"]
[Site "Czech Republic"]
[Date "2020.01.25"]
[Round "5.3"]
[White "Stocek, Jiri"]
[Black "Votava, Jan"]
[Result "1-0"]
[WhiteElo "2569"]
[BlackElo "2521"]
[Annotator "TA"]
[PlyCount "163"]
[EventDate "2019.09.15"]
[EventType "team-tourn"]
[EventCountry "CZE"]
[SourceTitle "playchess.com"]
[Source "ChessBase"]
[SourceQuality "1"]

{[%evp 17,163,13,13,-3,-6,-1,39,34,33,14,65,52,106,56,57,54,102,70,81,81,84,66,69,47,64,49,74,54,64,60,63,44,44,39,70,44,73,43,60,19,25,28,68,0,0,0,0,0,0,0,0,0,0,0,0,-35,21,6,7,0,17,0,0,0,4,4,28,25,50,50,50,50,35,50,50,48,56,56,56,56,81,59,72,59,59,59,59,59,59,44,44,44,44,44,44,44,59,58,58,58,64,59,103,103,103,103,12835,103,12833,12834,12834,12833,12833,12834,12834,12834,12834,112,1713,0,12834,112,1638,1406,12833,12829,1877,474,1653,1237,1110,1014,923,127,128,0,866,547,475,393,360,301,12841,12837,12844,12844,12846,12845]} 1. d4 Nf6 2. c4 g6 3. Nc3 d5 4. Nf3 Bg7 5. Qb3 dxc4 6. Qxc4 O-O 7. e4 a6 8. e5 b5 9. Qb3 Nfd7 10. Ng5 {D97: Grünfeld: Russian System: 7 e4, replies other than 7...Bg4} (10. e6 fxe6 11. Be3 Nf6 12. g3 Nc6 13. Bg2 Rb8 14. Rd1 Nd5 15. O-O Na5 16. Qc2 Nc4 17. Bc1 Nxc3 18. Qxc3 Bb7 19. b3 Nd6 {0-1 (67) Salgado Lopez,I (2624)-McShane,L (2667) Germany 2019}) 10... Nb6 {White must now prevent ...Nc6.} 11. Be3 h6 (11... Nc6 $5 {[%cal Rc6d4]} 12. Rd1 Bd7 $11) 12. Nge4 {White is slightly better.} Be6 13. Qc2 Nc6 ({Black should try} 13... N8d7 $11) 14. Rd1 $14 Bc4 $146 (14... Nb4 $14 15. Qd2 h5) ({Predecessor:} 14... Bf5 15. Be2 Nb4 16. Qd2 Nc4 17. Bxc4 bxc4 {0-1 (35) Zhao,X (2490)-Cmilyte,V (2485) Dagomys 2010}) 15. Be2 Nb4 16. Qd2 Kh7 17. b3 (17. h4 {feels hotter.} Qe8 18. Nc5 Bxe2 19. Qxe2 Qc6 20. f4) 17... Bxe2 18. Nxe2 N4d5 19. O-O e6 20. Rc1 Qe7 21. N2c3 Rfd8 22. Nxd5 Nxd5 23. Qe2 b4 24. Rc2 a5 25. Nc5 Ra7 26. g3 f5 27. exf6 Qxf6 28. Bd2 Qf5 29. Rc4 ({But not} 29. Nxe6 Rd6 $15) 29... Re8 30. Nd7 (30. Nd3 $14) 30... a4 $11 31. Bxb4 axb3 32. axb3 Rb7 33. Ba5 Rxb3 34. Nc5 Ra3 35. Bb4 Raa8 36. Nd3 Rad8 (36... Ra4 $15) 37. Bc5 Rb8 38. Nb4 Nf6 39. Nc6 Rb1 40. Rcc1 Rxc1 41. Rxc1 Ne4 42. h4 Nxc5 43. Rxc5 Qb1+ 44. Kg2 Ra8 $1 {[%cal Ra8a1] Hoping for ...Ra1.} 45. Qc2 Qxc2 46. Rxc2 $14 {[%mdl 4096] Endgame KRB-KRN} Ra4 47. Nd8 Rxd4 48. Nxe6 {[%mdl 64] [#] Double Attack} Rd6 49. Nxc7 Rd7 50. Rc6 Rd2 51. Ne6 {And now Rc7 would win.} Bd4 52. Rc7+ Kg8 53. Kh3 Bxf2 54. Rg7+ {[%mdl 64] [#] Double Attack} Kh8 55. Rxg6 Be3 56. Kg4 Rf2 57. Rg7 Rf6 58. Re7 Bd2 59. Kh5 Bb4 60. Re8+ Kh7 61. g4 Bd2 $2 {[%mdl 8192]} (61... Ba3 $16 62. Nd4 Bb4) 62. Nd4 $2 (62. Re7+ $18 Kg8 63. Rg7+ Kh8 64. Rg6) 62... Kg7 $2 {[%mdl 8192]} (62... Bb4 $16 63. Nf5 Bf8) 63. Nf5+ $18 Kh7 64. Re7+ Kh8 65. Rd7 Bc1 66. Rd1 Bf4 67. Ne7 $2 (67. Rd8+ $18 Kh7 68. Rd7+ Kh8 69. Ne7) 67... Kh7 $2 {[%mdl 8192]} (67... Bd6 $16) 68. Nf5 (68. Rd4 $142 Bc1 69. Rd5) 68... Kh8 $1 69. Rf1 $2 (69. Rd8+ $18 Kh7 70. Rd7+ Kh8 71. Ne7) 69... Bd2 $2 {[%mdl 8192]} (69... Bd6 $16 70. g5 hxg5 71. hxg5 (71. Kxg5 Rf8 $16) 71... Rf8) 70. Ra1 Kh7 71. Ra7+ Kh8 72. Ne7 (72. Ra2 $142 Bc1 73. Ra1) 72... Bc1 (72... Re6 $142 73. Rd7 Bc1) 73. Ng6+ Kg8 74. Rc7 Bd2 75. Rc8+ $2 (75. Ne7+ $18 {is the precise move to win.} Kg7 76. Rc2) 75... Kh7 $16 76. Rc7+ $2 {[%mdl 8192]} (76. Rh8+ $16 Kg7 77. Rd8) 76... Kg8 $18 77. Rd7 Bc1 78. Ne7+ Kf8 79. Nf5 Kg8 $2 (79... Rc6 80. Rd5 Kf7) 80. Rg7+ {White is clearly winning.} Kf8 81. Rg6 Kf7 82. Nxh6+ {Accuracy: White = 45%, Black = 32%.} 1-0

[Event "CZE Extraliga 2019-20"]
[Site "Czech Republic"]
[Date "2020.01.25"]
[Round "5.3"]
[White "Yemelin, Vasily"]
[Black "Antoniewski, Rafal"]
[Result "1/2-1/2"]
[WhiteElo "2545"]
[BlackElo "2497"]
[Annotator "TA"]
[PlyCount "72"]
[EventDate "2019.09.15"]
[EventType "team-tourn"]
[EventCountry "CZE"]
[SourceTitle "playchess.com"]
[Source "ChessBase"]
[SourceQuality "1"]

{[%evp 14,72,28,26,37,10,26,18,22,28,22,25,17,1,10,17,9,9,56,0,0,0,0,-17,-6,-21,-14,-37,0,-28,-33,-84,-91,-105,-104,-108,-2,-33,-23,-31,-29,-37,-24,-50,0,0,0,0,0,0,0,0,0,0,0,0,0,0,0,0,0]} 1. e4 c6 2. d4 d5 3. exd5 cxd5 4. Bd3 Nc6 5. c3 Nf6 6. h3 g6 7. Nf3 Bg7 8. O-O Bf5 {B13: Caro-Kann: Exchange Variation and Panov-Botvinnik Attack} 9. Be2 O-O 10. Bf4 Ne4 11. Nbd2 f6 12. Nxe4 Bxe4 13. Nd2 Bf5 $1 {[#]} 14. Nb3 $146 ({Predecessor:} 14. Bg3 e5 15. dxe5 fxe5 {1-0 (54) Ding,L (2805)-Navara,D (2734) Prague 2019}) 14... e5 15. Bh2 b6 16. c4 (16. dxe5 $14 fxe5 17. Bb5) 16... dxc4 17. Bxc4+ Kh8 {[%cal Rc6d4]} 18. g4 Bd7 19. d5 Ne7 {[%cal Bc6e7,Be7g6,Bg6f4][%mdl 32]} 20. Qe2 g5 21. Nd2 Ng6 22. Rfd1 {[#]} (22. Bd3 $15) 22... f5 $1 $17 23. Bb5 Nf4 24. Bxf4 exf4 (24... Bxb5 $17 25. Qxb5 gxf4) 25. Bxd7 Qxd7 26. Qe6 Qxe6 27. dxe6 fxg4 28. hxg4 f3 29. Ne4 {[#] aiming for e7.The position is equal.} Rae8 30. Nxg5 {Black must now prevent Nf7+.} Rf4 31. e7 Rxe7 32. Rd8+ Bf8 33. Kh2 Rxg4 34. Rxf8+ Kg7 35. Rxf3 {Strongly threatening Nh3.} Rxg5 36. Rd1 Rg6 {Accuracy: White = 53%, Black = 56%.} 1/2-1/2

[Event "CZE Extraliga 2019-20"]
[Site "Czech Republic"]
[Date "2020.01.25"]
[Round "5.3"]
[White "Blohberger, Felix"]
[Black "Kraus, Tomas"]
[Result "1/2-1/2"]
[WhiteElo "2445"]
[BlackElo "2473"]
[Annotator "TA"]
[PlyCount "38"]
[EventDate "2019.09.15"]
[EventType "team-tourn"]
[EventCountry "CZE"]
[SourceTitle "playchess.com"]
[Source "ChessBase"]
[SourceQuality "1"]

{[%evp 21,24,0,8,5,0]} 1. Nf3 d5 2. g3 g6 3. Bg2 Bg7 4. d4 Nf6 5. O-O O-O 6. Ne5 Ng4 7. Nxg4 Bxg4 8. c4 c6 9. cxd5 cxd5 10. Nc3 Nc6 11. h3 Be6 12. e3 {D79: Fianchetto Grünfeld: Symmetrical Variation (6 0-0 c6 7 cxd5 cxd5)} Rc8 {Predecessor:} 13. Kh2 $146 Qd7 14. Bd2 f6 15. Rc1 Bf7 16. Qe2 e5 17. Qb5 Rfd8 18. dxe5 fxe5 19. Rfd1 e4 {0-1 (50) Huebner,R (2595)-Nyback,T (2586) Puhajarve 2013} 1/2-1/2

[Event "CZE Extraliga 2019-20"]
[Site "Czech Republic"]
[Date "2020.01.25"]
[Round "5.4"]
[White "Oral, Tomas"]
[Black "Zwardon, Vojtech"]
[Result "*"]
[WhiteElo "2509"]
[BlackElo "2471"]
[Annotator "TA"]
[PlyCount "44"]
[EventDate "2019.09.15"]
[EventType "team-tourn"]
[EventCountry "CZE"]
[SourceTitle "playchess.com"]
[Source "ChessBase"]
[SourceQuality "1"]

{[%evp 19,20,7,0]} 1. c4 c5 2. g3 Nc6 3. Bg2 g6 4. Nc3 Bg7 5. a3 d6 6. Rb1 a5 7. d3 e5 8. Nf3 Nge7 9. O-O O-O 10. Ne1 Be6 {Predecessor:} 11. Nc2 $146 d5 12. cxd5 Nxd5 13. Ne3 Nde7 14. Nc4 Rb8 15. Bg5 f6 16. Be3 b6 17. Qa4 Nd4 18. Bxd4 exd4 19. Nb5 Nd5 20. b4 axb4 21. axb4 Nxb4 22. Rxb4 cxb4 {0-1 (30) Gledura,B (2630)-Grandelius,N (2694) Skopje 2019} *

[Event "CZE Extraliga 2019-20"]
[Site "Czech Republic"]
[Date "2020.01.25"]
[Round "5.4"]
[White "Vykouk, Jan"]
[Black "Ponizil, Cyril"]
[Result "0-1"]
[WhiteElo "2477"]
[BlackElo "2504"]
[Annotator "TA"]
[PlyCount "78"]
[EventDate "2019.09.15"]
[EventType "team-tourn"]
[EventCountry "CZE"]
[SourceTitle "playchess.com"]
[Source "ChessBase"]
[SourceQuality "1"]

{[%evp 14,78,58,35,51,36,37,10,43,51,52,9,30,-21,-24,-22,-1,0,59,68,68,73,57,0,0,0,0,0,0,0,0,0,11,0,54,-18,-18,-22,-49,-40,-41,-45,-49,-36,-36,-48,-40,-59,-27,-192,-187,-203,-185,-194,-191,-191,-189,-320,-321,-524,-523,-500,-517,-506,-505,-610,-607]} 1. e4 c5 2. Nf3 e6 3. d4 cxd4 4. Nxd4 a6 5. Bd3 Bc5 6. Nb3 Be7 7. O-O d6 8. f4 Nd7 {B42: Sicilian: Kan Variation: 5 Bd3} 9. Qe2 Qc7 10. N1d2 h5 $146 {The position is equal.} ({Predecessor:} 10... Ngf6 11. c3 O-O 12. a4 b6 13. Nf3 Bb7 14. Kh1 Rfe8 15. Nbd2 Bf8 {1-0 (38) Vasquez Schroder,R (2507)-Fier,A (2590) ICC INT 2009}) 11. Nf3 h4 12. e5 h3 13. Bd2 (13. gxh3 $142 dxe5 14. fxe5 (14. Nxe5 Bf6 $11)) 13... hxg2 $11 14. Rf2 Nh6 15. Rxg2 g6 (15... dxe5 $11 16. Bc3 (16. Nxe5 Nxe5 17. Qxe5 Qxe5 $11) (16. Rxg7 exf4 17. Re1 Bf6 $11) (16. fxe5 g6 $11) 16... g6) 16. exd6 $1 $14 Qxd6 17. Bc3 Bf6 18. Bxf6 ({White should try} 18. Nfd4 $14) 18... Nxf6 $11 19. Qe5 Qxe5 20. fxe5 Nd5 {[%cal Bf6d5,Bd5b4,Bb4c6][%mdl 32]} 21. Be4 Nf5 22. Rd2 Nfe3 23. Rd4 Bd7 (23... Nf5 $11) 24. Nc5 ({White should play} 24. c4 $14 Nb4 25. Bxb7) 24... Bc6 25. c4 Nb4 {And now ...Nec2 would win.} 26. Bxc6+ (26. Nxb7 $2 Bxb7 27. Bxb7 Rb8 $19) 26... Nxc6 27. Re4 Nf5 $1 28. Rd1 b6 29. Na4 $1 Rb8 30. Kf2 Ke7 31. Re2 $2 (31. a3 $11) 31... Nh4 $1 $19 32. c5 Nxf3 33. Kxf3 {[#]} bxc5 $1 34. Nxc5 Rb5 35. Nxa6 {[#]} (35. Ne4 {was forced.}) 35... Ra5 $1 ({Not} 35... Nxe5+ 36. Kg2 $17) ({Weaker is} 35... Rxe5 36. Rxe5 Nxe5+ 37. Kg3 $17) 36. b4 $2 (36. Nc7) 36... Rxa6 {Black is clearly winning.} 37. b5 Ra3+ 38. Kg2 Nb4 39. b6 Nd5 {Accuracy: White = 38%, Black = 64%.} 0-1

[Event "CZE Extraliga 2019-20"]
[Site "Czech Republic"]
[Date "2020.01.25"]
[Round "5.4"]
[White "Zwardon, Vojtech"]
[Black "Oral, Tomas"]
[Result "1/2-1/2"]
[WhiteElo "2471"]
[BlackElo "2509"]
[Annotator "TA"]
[PlyCount "78"]
[EventDate "2019.09.15"]
[EventType "team-tourn"]
[EventCountry "CZE"]
[SourceTitle "playchess.com"]
[Source "ChessBase"]
[SourceQuality "1"]

{[%evp 24,78,-9,-49,-41,-38,-43,-57,-44,-43,-46,-46,-46,-50,-46,-60,-38,-50,-45,-94,-68,-72,-64,-62,-39,-53,-20,-36,0,0,37,-5,101,0,0,0,0,0,0,0,41,41,41,-12,-10,-9,-5,-18,-20,-23,-21,-59,0,0,0,0,0]} 1. c4 c5 2. g3 Nc6 3. Bg2 g6 4. Nc3 Bg7 5. a3 d6 6. Rb1 a5 7. d3 e5 8. Nf3 Nge7 9. O-O O-O 10. Ne1 Be6 11. Nd5 Rb8 12. Nc2 b5 13. Nce3 bxc4 {A37: Symmetrical English vs ...g6: 4 Bg2 Bg7 5 Nf3} (13... b4 14. b3 Qd7 15. axb4 Nxb4 16. Nxe7+ Qxe7 17. Bd2 Qd7 18. Ra1 e4 19. dxe4 Bxa1 20. Qxa1 Nc6 21. f4 {1-0 (31) Radjabov,T (2788)-Kotsur,P (2548) Astana 2012}) 14. dxc4 f5 15. Nxe7+ Nxe7 {Black is slightly better.} 16. Nd5 e4 17. Bg5 Bxd5 $1 18. Bxe7 Qxe7 19. Qxd5+ {[#]} Kh8 $146 ({Predecessor:} 19... Qf7 20. Qxd6 Qxc4 21. Rfc1 Qxe2 {0-1 (40) Lagunow,R (2348)-Kovchan,A (2587) Dresden 2017}) 20. b3 Rb6 21. f3 exf3 22. Bxf3 Qe3+ 23. Kg2 Rfb8 24. Rfd1 Be5 25. Rd3 Qg5 26. Qf7 Qf6 27. Qa7 Bc3 {[#]} (27... g5 $1 $11) 28. Rbd1 (28. b4 $1 $16) 28... Qg7 29. Qxg7+ Bxg7 30. Rxd6 Rxd6 31. Rxd6 $11 {[%mdl 4096] Endgame KRB-KRB} Bd4 32. Ra6 Bc3 33. e4 (33. Ra8 $14 Rxa8 34. Bxa8) 33... fxe4 34. Bxe4 Rxb3 35. Ra8+ Kg7 36. Ra7+ Kf6 37. Rxh7 g5 (37... Rxa3 $15 38. Kf3 Bb4+ 39. Kg4 a4) 38. a4 Rb4 39. Bc6 Rxc4 {Accuracy: White = 58%, Black = 35%.} 1/2-1/2

[Event "CZE Extraliga 2019-20"]
[Site "Czech Republic"]
[Date "2020.01.25"]
[Round "5.4"]
[White "Petr, Martin"]
[Black "Heberla, Bartlomiej"]
[Result "1/2-1/2"]
[WhiteElo "2460"]
[BlackElo "2552"]
[Annotator "TA"]
[PlyCount "129"]
[EventDate "2019.09.15"]
[EventType "team-tourn"]
[EventCountry "CZE"]
[SourceTitle "playchess.com"]
[Source "ChessBase"]
[SourceQuality "1"]

{[%evp 16,129,44,20,41,37,37,36,39,38,34,2,0,0,-8,-52,-4,0,0,1,0,0,0,6,7,0,19,0,0,0,78,0,81,40,25,45,34,23,29,15,27,0,8,7,72,47,81,68,57,50,56,8,17,20,36,44,41,31,38,16,16,16,16,16,27,18,31,24,27,27,33,18,27,18,18,18,88,43,43,43,43,18,18,8,8,8,8,8,8,8,8,0,8,0,2,0,0,0,0,0,2,8,8,8,8,8,60,62,61,61,148,8,8,24,774,703]} 1. Nf3 d6 2. d4 Nf6 3. g3 Nbd7 4. Bg2 e5 5. c4 c6 6. Nc3 Be7 7. O-O O-O 8. e4 a6 9. Re1 Qc7 {A55: Old Indian Defence with Nf3 and e4} (9... b5 10. cxb5 axb5 11. b4 Bb7 12. Qb3 Re8 13. Bb2 Bf8 14. Red1 Qb8 15. Rd2 Nb6 16. dxe5 dxe5 17. Bf1 Bc8 {0-1 (35) Lagno,K (2542)-Khismatullin,D (2658) Khanty-Mansiysk 2013}) 10. Qc2 b5 11. cxb5 cxb5 {[#] White must now prevent ...b4.White is slightly better.} 12. a3 Nb6 13. Bd2 $146 ({Predecessor:} 13. d5 Na4 14. Bd2 Bd7 15. Rac1 Rfc8 16. Qb1 Nxc3 17. Rxc3 {1-0 (55) Vernersson,P (2345)-Nilsson,B Sweden 1998}) 13... Bg4 14. d5 Nc4 15. h3 Bd7 16. Bc1 Qb7 17. b3 $36 {[%mdl 2048] White has some pressure.} Nxa3 {[%mdl 64] [#] Remove Defender, Decoy} 18. Bxa3 b4 19. Bb2 {Strongly threatening Nd1.} Rfc8 {[%mdl 64] Pin} 20. Nd2 Bb5 21. Bf1 Bxf1 22. Rxf1 Rc5 (22... bxc3 $11 23. Bxc3 Qd7) 23. Rac1 ({White should try} 23. Nc4 $16 {Hoping for Na4.} bxc3 24. Ba3 (24. Bxc3 Nxe4 25. Qxe4 Qxb3 $14) 24... Rxc4 25. bxc4) 23... Rb8 (23... bxc3 $11 24. Bxc3 Rb8) 24. Qd3 {Na4 is the strong threat.} bxc3 25. Rxc3 Rxc3 26. Bxc3 Nd7 27. b4 Rc8 28. Nb3 Bd8 29. Ra1 Bb6 (29... Qb5 $11 30. Qxb5 axb5) 30. Be1 Nb8 31. Kg2 g6 32. g4 Qd7 33. Rc1 Rxc1 34. Nxc1 Qc8 35. Nb3 Nd7 36. f3 Nf6 37. Qc3 (37. Nd2 {seems wilder.} Qc1 38. Kf1 Nd7 39. Ke2 Bd4 40. Nb3) 37... Qxc3 38. Bxc3 $11 {[%mdl 4096] Endgame KBN-KBN} Ne8 39. Nd2 f6 40. Nc4 Bc7 41. Bd2 Kf7 42. Be3 f5 43. Kf1 Nf6 44. Nd2 h5 {[%cal Rh5g4]} 45. g5 Nh7 (45... f4 $11 {keeps the balance.} 46. Bf2 Ng8) 46. f4 (46. h4 {keeps more tension.} Nf8 47. Nc4 Nd7 48. Ke2 f4 49. Bg1) 46... exf4 47. Bxf4 fxe4 $1 48. Nxe4 Ke7 49. Ke2 Nf8 50. Kd3 Nd7 51. Nc3 Nb6 52. Be3 Nc8 53. Bd4 Ke8 54. Bf6 Nb6 55. Kd4 Nc8 56. Ne2 Bb6+ 57. Kd3 Bf2 58. Nf4 Kf7 59. Ne6 Be1 60. Bc3 Bh4 (60... Bxc3 $11 61. Kxc3 Ke8) 61. Bd2 $14 Nb6 62. Nc7 $1 Bf2 (62... Ke7 $1 $14) 63. Be3 (63. Ke4 $16) 63... Bxe3 $11 64. Kxe3 a5 $2 {[%mdl 8192]} (64... Ke7 $11) 65. bxa5 {[%mdl 32768] Accuracy: White = 56%, Black = 44%. . An unexpected result.} 1/2-1/2

[Event "CZE Extraliga 2019-20"]
[Site "Czech Republic"]
[Date "2020.01.25"]
[Round "5.4"]
[White "Mazur, Stefan"]
[Black "Bartel, Mateusz"]
[Result "1/2-1/2"]
[WhiteElo "2445"]
[BlackElo "2621"]
[Annotator "RC"]
[PlyCount "68"]
[EventDate "2019.09.15"]
[EventType "team-tourn"]
[EventCountry "CZE"]
[SourceTitle "playchess.com"]
[Source "ChessBase"]
[SourceQuality "1"]
[TimeControl "40/5400+30:1800+30"]

1. e4 {[%emt 0:00:00]} c6 {[%emt 0:00:09]} 2. d4 {[%emt 0:01:05]} d5 {[%emt 0:01:27]} 3. Nd2 {[%emt 0:00:08]} dxe4 {[%emt 0:00:05]} 4. Nxe4 {[%emt 0:00:06]} Nf6 {[%emt 0:00:03]} 5. Nxf6+ {[%emt 0:01:02]} exf6 {[%emt 0:00:19]} 6. c3 {[%emt 0:05:12]} Bd6 {[%emt 0:00:03]} 7. Bd3 {[%emt 0:00:10]} O-O {[%emt 0:00:04]} 8. Qc2 {[%emt 0:00:25]} Re8+ {[%emt 0:00:07]} 9. Ne2 {[%emt 0:00:08]} h5 {[%emt 0:00:05]} 10. O-O {[%emt 0:03:26]} Qc7 {[%emt 0:00:11]} 11. h3 {[%emt 0:03:10]} Nd7 {[%emt 0:00:21]} 12. Ng3 {[%emt 0:07:45]} Bxg3 {[%emt 0:11:21]} 13. fxg3 {[%emt 0:00:07]} Nf8 {[%emt 0:00:04]} 14. Bf4 {[%emt 0:01:31]} Qd8 {[%emt 0:00:24]} 15. Rad1 {[%emt 0:08:32]} Be6 {[%emt 0:03:21]} 16. Kh2 {[%emt 0:06:57]} Ng6 {[%emt 0:04:17]} 17. Bxg6 {[%emt 0:06:54]} fxg6 {[%emt 0:00:16]} 18. Qxg6 {[%emt 0:09:37]} Bxa2 {[%emt 0:04:57]} 19. Qxh5 {[%emt 0:05:39]} Bf7 {[%emt 0:00:36]} 20. Qg4 {[%emt 0:01:26]} Re4 {[%emt 0:00:03]} 21. Rfe1 {[%emt 0:10:24]} Qe8 {[%emt 0:08:19]} 22. Rxe4 {[%emt 0:01:51]} Qxe4 {[%emt 0:00:04]} 23. Qf3 {[%emt 0:00:44]} Qxf3 {[%emt 0:08:50]} 24. gxf3 {[%emt 0:00:10]} Re8 {[%emt 0:00:02]} 25. Rd2 {[%emt 0:01:08]} g5 {[%emt 0:00:05]} 26. Bd6 {[%emt 0:01:04]} Bd5 {[%emt 0:00:09]} 27. Kg2 {[%emt 0:04:27]} Re3 {[%emt 0:00:16]} 28. Rf2 {[%emt 0:00:39]} a5 {[%emt 0:02:35]} 29. g4 {[%emt 0:01:34]} b5 {[%emt 0:00:17]} 30. Bc7 {[%emt 0:04:52]} a4 {[%emt 0:00:05]} 31. Bd6 {[%emt 0:00:08]} Kf7 {[%emt 0:00:02]} 32. Kg3 {[%emt 0:00:13]} Ke6 {[%emt 0:05:04]} 33. Bc5 {[%emt 0:00:22]} Kf7 {[%emt 0:00:45]} 34. Bd6 {[%emt 0:01:03]} Ke6 {[%emt 0:03:53]} 1/2-1/2

[Event "CZE Extraliga 2019-20"]
[Site "Czech Republic"]
[Date "2020.01.25"]
[Round "5.5"]
[White "Krejci, Jan"]
[Black "Hollan, Martin"]
[Result "1-0"]
[WhiteElo "2574"]
[BlackElo "2403"]
[Annotator "TA"]
[PlyCount "101"]
[EventDate "2019.09.15"]
[EventType "team-tourn"]
[EventCountry "CZE"]
[SourceTitle "playchess.com"]
[Source "ChessBase"]
[SourceQuality "1"]

{[%evp 19,101,17,36,18,88,77,70,75,126,111,135,124,104,58,118,124,112,105,115,22,24,18,27,27,152,152,159,126,135,72,162,179,209,210,320,320,292,290,272,231,231,231,231,231,234,235,270,270,270,270,270,270,270,270,264,239,239,238,238,238,238,238,462,462,445,418,599,592,581,531,6720,525,6187,6162,6623,4867,12807,6789,29940,6323,4133,1612,1435,707]} 1. d4 Nf6 2. c4 e6 3. Nc3 Bb4 4. e3 b6 5. Nge2 Ba6 6. a3 Bxc3+ 7. Nxc3 d5 8. b3 {[%cal Bb2b3,Bb3b4,Bb4b5][%mdl 32]} O-O 9. a4 Nc6 10. Be2 dxc4 11. Ba3 {[#] E45: Nimzo-Indian: Rubinstein: 4...b6 5 Ne2 Ba6.} Na5 $146 (11... Re8 $1 $11) ({Predecessor:} 11... Re8 12. bxc4 e5 13. d5 Na5 14. Nb5 Ne4 15. Qc2 Nc5 16. Rd1 Bxb5 17. cxb5 Nab7 18. O-O e4 {1-0 (36) Yu,Y (2738)-Bao,Q (2412) Daqing 2019}) 12. b4 $16 Nb3 13. Rb1 $1 {[%cal Rb1b3] Black must now prevent Rxb3.White is slightly better.} Qc8 (13... Qd6 $142) 14. b5 Bb7 15. Bxf8 Qxf8 16. O-O Nd5 (16... Na5 $14) 17. Na2 ({But not} 17. Bxc4 $6 Nxc3 18. Qxb3 Nxb1 $11) 17... Na5 18. Qc1 Qe7 19. Rb2 ({Better is} 19. Bxc4 $16 Qg5 20. Rb2) 19... Qa3 $1 $11 20. Qc2 c6 21. Bf3 c3 (21... Rc8 $11 {keeps the balance.}) 22. Rbb1 $16 cxb5 23. axb5 Rc8 24. Rfc1 (24. Rfd1 $142) 24... g6 (24... f5 $16 {was called for.}) 25. e4 Nf6 26. Nxc3 Nxe4 (26... Ne8 $142 27. h3 h5) 27. Bxe4 $18 ({Don't go for} 27. Nxe4 $2 Rxc2 28. Rxc2 Qd3 $19) 27... Bxe4 28. Qxe4 ({Not} 28. Nxe4 Rxc2 29. Rxc2 Qd3 $17) 28... Rxc3 29. Rxc3 Qxc3 {[%mdl 4096] Endgame KQR-KQN} 30. d5 exd5 31. Qxd5 Kg7 32. Rd1 Nb3 33. Qd3 Qxd3 34. Rxd3 {KR-KN} Nc5 35. Ra3 Ne4 36. Rxa7 Nd6 37. Ra6 Nxb5 38. Rxb6 Nd4 39. f3 h5 40. Kf2 h4 $2 (40... Nf5 41. g4 Ne7 42. gxh5 gxh5) 41. Ke3 Nf5+ 42. Kf4 f6 (42... Nd4 $142 43. Ra6 Nf5) 43. Rb7+ Kf8 44. Ra7 Ne7 {[#]} 45. Ra5 (45. Rxe7 $142 $1 {[%mdl 512] Rb7 would kill now.} Kxe7 46. Kg4) 45... g5+ 46. Kg4 Ng6 47. Ra7 Ne7 48. f4 gxf4 {[#]} 49. Kxf4 (49. Rxe7 $142 $1 {[%mdl 512]} Kxe7 50. Kxh4 Ke6 51. Kg4 f3 52. gxf3 Ke7 53. Kf5 Kf7 54. h4) 49... Nd5+ 50. Kf3 (50. Ke4 $142 Ne7 51. Kf4) 50... h3 51. g3 {Accuracy: White = 63%, Black = 38%.} (51. gxh3 $142 f5 52. h4) 1-0